00354nam a2200157Ia 45000010006000000050017000060080041000230410008000640820015000721000034000872450022001212600009001433000028001526500008001806540008001881341220260306164759.0260306t1998||||xx |||||||||||||| ||spa|| aESP aS 004bM84 aMonroy Olivares, CésareAUT 0aTeoría del caos c1998 a183 páginas :c23 cm. aGEN aCCC